00594nam a2200181Ia 4500003000900000008004100009020001800050040001600068080001700084100001800101245015400119260002600273300001500299650001400314650004100328650002000369700002300389IN-BaIIA211028s9999 xx 000 0 eng d a0-471-23273-4 cIIA Library a52(091)bEDG aEdge, David O 0aAstronomy transformedbthe emergence of radio astronomy in BritaincDavid O Edge and Michael J Mulkay  aNew YorkbWileyc1976 axvi, 482p. aAstronomy aAstronomy and astrophysics thesaurus aRadio astronomy aMulkay, Michael J.